000 00288nam a2200121Ia 4500
005 20251222144641.0
008 251222s9999||||xx |||||||||||||| ||spa||
082 _a291.9/M42/Ej.2
100 _aMeo, Antonietta
245 0 _aLe lettere di Nennolina:
264 _bSan Paolo
942 _cLIB
999 _c16676
_d16676